000 00289 a2200085 4500
100 1 _aMedvedev, A.M..
_eAutor
245 0 _aNadeznost' i kontrol' kacestva pecatnogo montaza /
_cMedvedev A.M..
710 2 _aRadio i Svjaz'.
_eWydawca
_4pbl
260 _aMoskva :
_bRadio i Svjaz',
_c1986.
300 _a216 s.:
_bil.;
_c22 cm.
999 _c8069
_d8069